Normal view MARC view
  • Kline, Paul

Entry Nombre Personal

Number of records used in: 2

001 - NUMERO DE CONTROL

  • campo de control: 46197

003 - IDENTIFICADOR DE NUMERO DE CONTROL

  • campo de control: DLC

005 - FECHA Y HORA DE LA ÜLTIMA TRANSACCIÓN

  • campo de control: 20220906154747.0

008 - DATOS DE LONGITUD FIJA

  • campo de control de longitud fija: 220906n| azannaabn |n aaa

010 ## - NÚMERO DE CONTROL DE LA BIBLIOTECA DEL CONGRESO

  • Número de control LC: n 50042332

035 ## - NUMERO DE CONTROL

  • Número de control: (OCoLC)oca00077505

040 ## - FUENTE DE CATALOGACIÓN

  • Agencia original de catalogación: DLC
  • Lenguaje de catalogación: spa
  • Description conventions: rda
  • Agencia de transcripción: DLC
  • Agencia que lo modifica: DLC
  • Agencia que lo modifica: OCoLC
  • Agencia que lo modifica: DLC
  • Agencia que lo modifica: MX-MxUPN

100 1# - ENCABEZAMIENTO - NOMBRE PERSONAL

  • Nombre personal: Kline, Paul

670 ## - FUENTE EN LA QUE SE LOCALIZARON DATOS

  • Cita de la fuente: En su obra Fact and fantasy in Freudian theory, 1972.

670 ## - FUENTE EN LA QUE SE LOCALIZARON DATOS

  • Cita de la fuente: En su obra Psychology exposed, or, The emperor's new clothes, 1988:
  • Información localizada: portada. (Paul Kline) hoja datos (b. 3/8/37)

670 ## - FUENTE EN LA QUE SE LOCALIZARON DATOS

  • Cita de la fuente: Information from 678 converted Dec. 18, 2014
  • Información localizada: (lecturer in psychology, Univ. of Exeter)

670 ## - FUENTE EN LA QUE SE LOCALIZARON DATOS

  • Cita de la fuente: La personalidad, 1985:
  • Información localizada: portada (Paul Kline)

902 ## - CATALOGADOR

  • Catalogador: VAGG/060922